Central Library OPAC University of Rajshahi

Electric circuits / (Record no. 73177)

MARC details
000 -LEADER
fixed length control field 00642nam a2200229 a 4500
001 - CONTROL NUMBER
control field 73177
003 - CONTROL NUMBER IDENTIFIER
rucl marc code BD-RjUL
005 - DATE AND TIME OF LATEST TRANSACTION
control field 20211209082346.0
008 - FIXED-LENGTH DATA ELEMENTS--GENERAL INFORMATION
fixed length control field 170528s1993 enk 001 0 eng d
020 ## - INTERNATIONAL STANDARD BOOK NUMBER
International Standard Book Number 0333480775
035 ## - SYSTEM CONTROL NUMBER
System control number (BD-RjUL)73395
040 ## - CATALOGING SOURCE
Original cataloging agency BD-RjUL
Language of cataloging eng
Transcribing agency BD-RjUL
041 ## - LANGUAGE CODE
Language code of text/sound track or separate title eng
082 ## - DEWEY DECIMAL CLASSIFICATION NUMBER
Edition number 23
Classification number 621.3815
Author mark and year SIE 1993
100 1# - MAIN ENTRY--PERSONAL NAME
Personal name Silvester, Peter,
Dates associated with a name 1938-
9 (RLIN) 216460
245 10 - TITLE STATEMENT
Title Electric circuits /
Statement of responsibility, etc. Peter Silvester
260 ## - PUBLICATION, DISTRIBUTION, ETC. (IMPRINT)
Place of publication, distribution, etc. Basingstoke :
Name of publisher, distributor, etc. Macmillan,
Date of publication, distribution, etc. c1993
300 ## - PHYSICAL DESCRIPTION
Pagination xi, 458 p. :
Illustrations ill. ;
Size 25 cm
650 #0 - SUBJECT ADDED ENTRY--TOPICAL TERM
Topical term or geographic name as entry element Electric circuits
9 (RLIN) 216461
830 #0 - SERIES ADDED ENTRY--UNIFORM TITLE
Uniform title Foundations of engineering
942 ## - ADDED ENTRY ELEMENTS (KOHA)
Source of classification or shelving scheme Dewey Decimal Classification
Koha item type Books
Holdings
Lost status Source of classification or shelving scheme Damaged status Not for loan Collection code Permanent Location Current Location Shelving location Date acquired Source of acquisition Cost, normal purchase price Total Checkouts Full call number Date last seen Copy number Koha item type
  Dewey Decimal Classification   Not For Loan Non-fiction Central Library, University of Rajshahi Central Library, University of Rajshahi Reading Room 16/11/1996 Polas law house 150.00   621.3815 SIE 1993 28/05/2017 C-1 Books